000 00767nam a2200169Ia 4500
003 GCL
008 140319s9999 xx 000 0 ara d
040 _aGCL /
_cGCL
082 0 4 _a320.54
_bم و
100 1 _aمحمد عزة دروزة
245 1 0 _aالوحدة العربية: مباحث فى معالم الوطن العربى الكبير ومقومات وحدته والعقبات التى تقف فى طريقها ومعالجتها والمراحل التى يجب ان يسار فيها الى تحقيقها /
_cمحمد عزة دروزة
490 _aالهيئة العامة للاستعلامات
_v0
650 0 4 _aالعالم العربى
650 0 4 _aالاحوال السياسية
650 0 4 _aالقومية العربية
942 _2ddc
_cBK
999 _c48006
_d48006